Statistics for Geography Multi-select #12

Click here to take the quiz!

General Stats

  • This quiz has been taken 22 times
  • The average score is 59 of 90

Answer Stats

QuestionTileSelect% Correct
capital cities of a country whose English language JetPunk name begins with “K.”AmsterdamNo
95%
capital cities of a country whose English language JetPunk name begins with “K.”Kuwait CityYes
95%
capital cities of a country whose English language JetPunk name begins with “K.”LimaNo
95%
of the five largest islands in the Mediterranean Sea.CorfuNo
90%
of the countries whose borders contain part of one of the five highest mountains on Earth.NepalYes
90%
countries whose capital city begins with “K.”RussiaNo
90%
capital cities of a country whose English language JetPunk name begins with “K.”VallettaNo
90%
countries whose capital city begins with “K.”AfghanistanYes
85%
countries whose capital city begins with “K.”F. S. MicronesiaNo
85%
countries whose capital city begins with “K.”KosovoNo
85%
capital cities of a country whose English language JetPunk name begins with “K.”NairobiYes
85%
of the five largest Canadian islands.NewfoundlandYes
85%
U.S. state capitals of a state whose name begins with “K.”ProvidenceNo
85%
of the five largest U.S. islands.Puerto RicoYes
85%
of the five largest islands in the Mediterranean Sea.RhodesNo
85%
of the five largest islands in the Mediterranean Sea.SardiniaYes
85%
of the five largest islands in the Mediterranean Sea.SicilyYes
85%
of the five largest islands in the Mediterranean Sea.CorsicaYes
80%
of the five largest islands in the Mediterranean Sea.CyprusYes
80%
countries whose capital city begins with “K.”Equatorial GuineaNo
80%
of the five largest Canadian islands.GreenlandNo
80%
of the five largest islands in the Mediterranean Sea.MallorcaNo
80%
countries whose capital city begins with “K.”NepalYes
80%
U.S. state capitals of a state whose name begins with “K.”RaleighNo
80%
countries with a coastline on the Balearic Sea.SpainYes
80%
countries whose capital city begins with “K.”SudanYes
80%
U.S. state capitals of a state whose name begins with “K.”TrentonNo
80%
of the five largest Canadian islands.Victoria IslandYes
80%
countries with a coastline on the Balearic Sea.AndorraNo
75%
capital cities of a country whose English language JetPunk name begins with “K.”AstanaYes
75%
of the five largest Canadian islands.Cameron IslandNo
75%
of the five largest islands in the Mediterranean Sea.CreteYes
75%
U.S. state capitals of a state whose name begins with “K.”HarrisburgNo
75%
of the five largest U.S. islands.Hawaii IslandYes
75%
of the countries with a coastline on the Ionian Sea.KosovoNo
75%
U.S. state capitals of a state whose name begins with “K.”LincolnNo
75%
U.S. state capitals of a state whose name begins with “K.”Little RockNo
75%
names by which the Gulf of California is known.Mar SonoraNo
75%
of the countries with a coastline on the Ionian Sea.North MacedoniaNo
75%
countries with a coastline on the Balearic Sea.PortugalNo
75%
of the five largest U.S. islands.Saint CroixNo
75%
of the five largest U.S. islands.Santa Catalina IslandNo
75%
of the countries with a coastline on the Ionian Sea.SloveniaNo
75%
of the countries whose borders contain part of one of the five highest mountains on Earth.TajikistanNo
75%
of the countries with a coastline on the Ionian Sea.AlbaniaYes
70%
of the five largest Canadian islands.Baffin IslandYes
70%
of the countries whose borders contain part of one of the five highest mountains on Earth.ChinaYes
70%
of the countries with a coastline on the Ionian Sea.GreeceYes
70%
countries whose capital city begins with “K.”RwandaYes
70%
countries whose capital city begins with “K.”UgandaYes
70%
of the countries whose borders contain part of one of the five highest mountains on Earth.United StatesNo
70%
of the five largest Canadian islands.Devon IslandNo
65%
names by which the Gulf of California is known.Golfo de CaliforniaYes
65%
of the countries whose borders contain part of one of the five highest mountains on Earth.IndiaYes
65%
of the five largest U.S. islands.Isle RoyaleNo
65%
of the five largest islands in the Mediterranean Sea.MaltaNo
65%
of the countries whose borders contain part of one of the five highest mountains on Earth.PakistanYes
65%
capital cities of a country whose English language JetPunk name begins with “K.”PristinaYes
65%
of the countries with a coastline on the Ionian Sea.SerbiaNo
65%
of the countries whose borders contain part of one of the five highest mountains on Earth.TanzaniaNo
65%
countries with a coastline on the Balearic Sea.TunisiaNo
65%
capital cities of a country whose English language JetPunk name begins with “K.”BishkekYes
60%
U.S. state capitals of a state whose name begins with “K.”Carson CityNo
60%
of the countries with a coastline on the Ionian Sea.ItalyYes
60%
of the countries whose borders contain part of one of the five highest mountains on Earth.JapanNo
60%
of the five largest U.S. islands.Kodiak IslandYes
60%
U.S. state capitals of a state whose name begins with “K.”TopekaYes
60%
countries with a coastline on the Balearic Sea.AlgeriaNo
50%
of the countries with a coastline on the Ionian Sea.CroatiaNo
50%
U.S. state capitals of a state whose name begins with “K.”FrankfortYes
50%
of the countries with a coastline on the Ionian Sea.CyprusNo
45%
countries with a coastline on the Balearic Sea.ItalyNo
45%
names by which the Gulf of California is known.Mar de CortésYes
45%
capital cities of a country whose English language JetPunk name begins with “K.”South TarawaYes
45%
of the five largest Canadian islands.Ellesmere IslandYes
40%
names by which the Gulf of California is known.Mar MexicanoNo
40%
of the five largest Canadian islands.Prince Edward IslandNo
40%
names by which the Gulf of California is known.Sea of CortezYes
40%
of the countries whose borders contain part of one of the five highest mountains on Earth.BhutanNo
35%
countries with a coastline on the Balearic Sea.FranceNo
35%
countries with a coastline on the Balearic Sea.MonacoNo
35%
of the five largest Canadian islands.Banks IslandYes
30%
countries with a coastline on the Balearic Sea.MoroccoNo
30%
of the five largest U.S. islands.Prince of Wales IslandYes
30%
names by which the Gulf of California is known.Sea of CaliforniaNo
25%
names by which the Gulf of California is known.Sea of CortésYes
25%
of the five largest U.S. islands.GuamNo
20%
of the five largest U.S. islands.Chichagof IslandYes
10%
names by which the Gulf of California is known.Vermilion SeaYes
10%
names by which the Gulf of California is known.Mar BermejoYes
0%

Score Distribution

Percentile by Number Answered

Percent of People with Each Score

Your Score History

You have not taken this quiz